000 00703nam a2200205Ii 4500
003 JO-AjNU
008 230605s9999||||xx |||||||||||||| ||und||
040 _aJO-AjNU
_bara
_erda
_cJO-AjNU
041 _aara
050 1 4 _aRC936 1992
100 3 _aابراهيم ، ايوب/ م مشارك ابراهيم البصري,
_eauthor
_937182
245 0 0 _aالاصابات المفصلية والعضلية في كرة القدم
250 _aط2
264 3 1 _aالرياض:دار المنصور ، 1992
300 _a112ص
336 _atext
_btxt
_2rdacontent
337 _aunmediated
_bn
_2rdamedia
338 _avolume
_bnc
_2rdacarrier
650 4 _aالاصابات في كرة الفدم
_937183
999 _aA15513
_c19081
_d19081